[Event "FRA-ch Youth U20 2018"]
[Site "Agen"]
[Date "2018.04.21"]
[Round "8"]
[White "Retailleau, Elise"]
[Black "Aubert, Laurane"]
[Result "0-1"]
[WhiteElo "1932"]
[BlackElo "1952"]
[Annotator "NA"]
[PlyCount "92"]
[EventDate "2018.??.??"]
[EventType "swiss"]
[EventCountry "FRA"]
[SourceTitle "playchess.com"]
[Source "ChessBase"]
[SourceQuality "1"]
[TimeControl "5400+30"]

1. e4 {[%emt 0:00:00]} c5 {[%emt 0:00:04]} 2. Nf3 {[%emt 0:00:00]} e6 {[%emt 0:00:05]} 3. d4 {[%emt 0:00:00]} cxd4 {[%emt 0:00:06]} 4. Nxd4 {[%emt 0:00:06]} Nf6 {[%emt 0:00:04]} 5. Bd3 {[%emt 0:00:29]} Nc6 {[%emt 0:00:19]} 6. Nxc6 {[%emt 0:00:14]} bxc6 {[%emt 0:00:05]} 7. O-O {[%emt 0:00:14]} d5 {[%emt 0:00:12]} 8. Nc3 {[%emt 0:00:23]} Be7 {[%emt 0:00:42]} 9. e5 {[%emt 0:00:42] B40: Sicilian: 2...e6, Unusual lines} (9. Qe2 O-O 10. b3 Bb7 11. Bb2 c5 12. Rad1 Qc7 13. Nb5 Qb6 14. e5 Nd7 15. c4 d4 16. f4 g6 17. Be4 Bxe4 18. Qxe4 {1-0 (61) Pichot,A (2544)-Tregubov,P (2585) Doha 2016}) 9... Nd7 {[%emt 0:00:07]} 10. Qg4 {[%emt 0:00:20]} g6 {[%emt 0:00:13]} 11. Qg3 {[%emt 0:01:34]} Qb6 {[%emt 0:10:28]} 12. Kh1 {[%emt 0:17:41]} Bf8 $146 {[%emt 0:08:12]} ({Predecessor:} 12... Nc5 13. b3 Nxd3 14. cxd3 {1-0 (29) Novotny,M (2293)-Vokoun,J (2160) Pardubice 2013}) 13. f4 {[%emt 0:05:30]} Bg7 {[%emt 0:00:18]} 14. b3 {[%emt 0:00:43]} O-O {[%emt 0:07:10]} 15. Ba3 {[%emt 0:09:29]} Re8 {[%emt 0:00:31]} 16. Na4 {[%emt 0:00:59]} Qa5 {[%emt 0:03:01]} 17. Bb2 {[%emt 0:05:53]} Bb7 {[%emt 0:06:13]} 18. c4 {[%emt 0:03:12]} Qd8 {[%emt 0:17:07]} 19. Rae1 {[%emt 0:04:48]} a5 $16 {[%emt 0:03:30]} 20. Nc3 {[%emt 0:14:19]} Ba6 {[%emt 0:05:11]} 21. Rf2 {[%emt 0:02:51]} Qb8 {[%emt 0:03:10]} 22. Ba3 {[%emt 0:04:48]} Qb6 {[%emt 0:04:15]} 23. Na4 {[%emt 0:05:04]} Qa7 {[%emt 0:01:38]} 24. Rc2 {[%emt 0:01:41]} Rac8 {[%emt 0:04:20]} 25. Rec1 {[%emt 0:02:51]} d4 {[%emt 0:09:01]} 26. c5 {[%emt 0:07:42]} f6 {[%emt 0:01:02]} 27. exf6 {[%emt 0:01:21]} Nxf6 {[%emt 0:01:29]} 28. Nb6 {[%emt 0:02:27]} Rcd8 {[%emt 0:01:20]} 29. Rd2 {[%emt 0:00:40]} Nh5 {[%emt 0:01:42]} 30. Qf3 {[%emt 0:01:23]} Bxd3 {[%emt 0:00:13]} 31. Rxd3 {[%emt 0:00:19]} Qc7 {[%emt 0:00:26]} 32. g3 {[%emt 0:00:36]} e5 {[%emt 0:03:15]} 33. fxe5 {[%emt 0:02:06]} Bxe5 {[%emt 0:00:31]} 34. Bb2 {[%emt 0:00:36]} Rf8 {[%emt 0:07:36]} 35. Qg2 {[%emt 0:01:28]} Ng7 {[%emt 0:01:19]} 36. Nc4 {[%emt 0:02:22]} Bf6 {[%emt 0:00:34]} 37. Qd2 {[%emt 0:00:58]} Ne6 {[%emt 0:00:27]} 38. Qxa5 {[%emt 0:00:23]} Qd7 {[%emt 0:00:47]} 39. Nb6 {[%emt 0:01:29]} Qf7 {[%emt 0:01:15]} 40. Qe1 {[%emt 0:00:48]} Bg5 {[%emt 0:01:03]} 41. Rc2 {[%emt 0:01:05]} Qf5 {[%emt 0:00:39]} 42. Qd1 {[%emt 0:00:43]} Qe4+ {[%emt 0:00:38]} 43. Rg2 {[%emt 0:00:35]} Rf2 {[%emt 0:00:37]} 44. Qg1 {[%emt 0:00:34]} Rxg2 {[%emt 0:00:24]} 45. Qxg2 {[%emt 0:00:09]} Qxd3 {[%emt 0:00:08]} 46. Qxc6 {[%emt 0:00:26]} Qf1# {[%emt 0:00:05]} 0-1

[Event "FRA-ch Youth U20 2018"]
[Site "Agen"]
[Date "2018.04.21"]
[Round "8"]
[White "Fretel, Liza"]
[Black "Aouachria, Marwa"]
[Result "0-1"]
[WhiteElo "1849"]
[BlackElo "1687"]
[Annotator "NA"]
[PlyCount "112"]
[EventDate "2018.??.??"]
[EventType "swiss"]
[EventCountry "FRA"]
[SourceTitle "playchess.com"]
[Source "ChessBase"]
[SourceQuality "1"]
[TimeControl "5400+30"]

1. e4 {[%emt 0:00:00]} c5 {[%emt 0:00:04]} 2. Nc3 {[%emt 0:00:00]} e6 {[%emt 0:00:06]} 3. Nf3 {[%emt 0:00:45]} a6 {[%emt 0:00:13]} 4. g3 {[%emt 0:00:41]} Nc6 {[%emt 0:00:39]} 5. Bg2 {[%emt 0:00:19]} g6 {[%emt 0:04:28]} 6. d3 {[%emt 0:01:25] B40: Sicilian: 2...e6, Unusual lines} (6. d4 cxd4 7. Nxd4 Bg7 8. Nde2 d6 9. O-O Nf6 10. Bf4 Ne5 11. Qd2 O-O 12. b3 Qc7 13. Rad1 Ne8 14. Bh6 Bxh6 15. Qxh6 b5 {½-½ (36) Dzhumaev,M (2481)-Tillyaev,U (2346) Tashkent 2016}) 6... Bg7 {[%emt 0:00:24]} 7. Be3 {[%emt 0:00:08]} Nd4 {[%emt 0:01:09]} 8. O-O {[%emt 0:02:10]} Ne7 {[%emt 0:00:13]} 9. Qd2 {[%emt 0:01:42]} Nec6 {[%emt 0:02:18]} 10. Ne1 {[%emt 0:02:42]} h5 $146 {[%emt 0:06:39]} ({Predecessor:} 10... Qa5 11. Bh6 O-O 12. Bxg7 Kxg7 13. f4 d6 14. Qf2 f5 15. exf5 gxf5 {½-½ (23) Kulhanek,T (2330)-Rosko,L (2350) Czechia 2014}) 11. Nd1 {[%emt 0:11:18]} d6 {[%emt 0:12:03]} 12. c3 {[%emt 0:01:17]} Nb5 {[%emt 0:00:07]} 13. Nf3 {[%emt 0:03:38]} Bd7 {[%emt 0:05:01]} 14. a4 {[%emt 0:06:48]} Nc7 {[%emt 0:00:57]} 15. d4 {[%emt 0:01:27]} cxd4 {[%emt 0:05:03]} 16. cxd4 {[%emt 0:00:35]} d5 {[%emt 0:01:30]} 17. e5 {[%emt 0:02:29]} b5 {[%emt 0:04:51]} 18. Bg5 {[%emt 0:04:04]} Ne7 {[%emt 0:12:59]} 19. Rc1 {[%emt 0:04:21]} (19. a5 $18) 19... bxa4 {[%emt 0:03:53]} 20. Qb4 {[%emt 0:02:32]} (20. Ne3 $16) 20... Nb5 {[%emt 0:00:32]} 21. Nc3 {[%emt 0:12:15]} a5 {[%emt 0:07:31]} 22. Qxe7+ {[%emt 0:03:12]} Qxe7 {[%emt 0:00:07]} 23. Bxe7 {[%emt 0:00:02]} Kxe7 {[%emt 0:00:01]} 24. Nxb5 {[%emt 0:04:37]} Bxb5 {[%emt 0:00:03]} 25. Rc7+ {[%emt 0:00:27]} Bd7 {[%emt 0:01:31]} 26. Rfc1 {[%emt 0:05:15]} Rhc8 {[%emt 0:01:43]} 27. Ne1 {[%emt 0:00:53]} Kd8 {[%emt 0:00:39]} 28. Rxc8+ {[%emt 0:05:29]} Rxc8 {[%emt 0:00:03]} 29. Rxc8+ {[%emt 0:00:35]} Kxc8 {[%emt 0:01:07]} 30. Bf1 {[%emt 0:00:50]} Bf8 {[%emt 0:00:51]} 31. Nc2 {[%emt 0:02:55]} Kb7 {[%emt 0:01:01]} 32. f3 {[%emt 0:01:29]} Kb6 {[%emt 0:01:24]} 33. Kf2 {[%emt 0:00:24]} Bb5 {[%emt 0:00:56]} 34. Be2 {[%emt 0:00:15]} Bb4 {[%emt 0:01:42]} 35. Ke3 {[%emt 0:01:03]} Be7 {[%emt 0:02:24]} 36. h4 {[%emt 0:02:58]} Bxe2 {[%emt 0:02:40]} 37. Kxe2 {[%emt 0:00:05]} Kb5 {[%emt 0:00:45]} 38. Kd3 {[%emt 0:00:03]} g5 {[%emt 0:00:21]} 39. hxg5 {[%emt 0:02:11]} Bxg5 {[%emt 0:00:03]} 40. f4 {[%emt 0:01:13]} Be7 {[%emt 0:00:09]} 41. f5 {[%emt 0:03:40]} a3 {[%emt 0:05:11]} 42. f6 {[%emt 0:05:39]} Bf8 $19 {[%emt 0:00:19]} 43. b3 {[%emt 0:00:25]} Bb4 {[%emt 0:01:45]} 44. Ke3 {[%emt 0:02:38]} a4 {[%emt 0:00:26]} 45. bxa4+ {[%emt 0:01:28]} Kxa4 {[%emt 0:00:03]} 46. Kd3 {[%emt 0:00:07]} Kb3 {[%emt 0:00:19]} 47. Na1+ {[%emt 0:00:40]} Kb2 {[%emt 0:00:35]} 48. Nc2 {[%emt 0:00:06]} Bf8 {[%emt 0:00:23]} 49. Nxa3 {[%emt 0:03:19]} Kxa3 {[%emt 0:00:03]} 50. Ke3 {[%emt 0:00:27]} Bh6+ {[%emt 0:00:42]} 51. Kf3 {[%emt 0:00:55]} Kb4 {[%emt 0:00:08]} 52. g4 {[%emt 0:00:30]} h4 {[%emt 0:00:11]} 53. g5 {[%emt 0:00:22]} Bxg5 {[%emt 0:00:21]} 54. Kg4 {[%emt 0:00:04]} Bh6 {[%emt 0:00:14]} 55. Kxh4 {[%emt 0:00:04]} Kc4 {[%emt 0:00:10]} 56. Kh5 {[%emt 0:00:06]} Bf8 {[%emt 0:00:07]} 0-1

[Event "FRA-ch Youth U20 2018"]
[Site "Agen"]
[Date "2018.04.21"]
[Round "8"]
[White "Terrazzoni, Claire"]
[Black "Bartels, Karina"]
[Result "1/2-1/2"]
[WhiteElo "1819"]
[BlackElo "1702"]
[Annotator "NA"]
[PlyCount "68"]
[EventDate "2018.??.??"]
[EventType "swiss"]
[EventCountry "FRA"]
[SourceTitle "playchess.com"]
[Source "ChessBase"]
[SourceQuality "1"]
[TimeControl "5400+30"]

1. e4 {[%emt 0:00:00]} c5 {[%emt 0:00:02]} 2. Nc3 {[%emt 0:00:00]} a6 {[%emt 0:00:13]} 3. Nf3 {[%emt 0:00:00]} b5 {[%emt 0:00:32]} 4. d4 {[%emt 0:00:02]} cxd4 {[%emt 0:00:22]} 5. Nxd4 {[%emt 0:00:07]} Bb7 {[%emt 0:00:35]} 6. Bg5 {[%emt 0:00:47] B28: Sicilian: 2 Nf3 a6 (O'Kelly Variation)} d6 {[%emt 0:13:49]} (6... h6 $11 {keeps the balance.} 7. Bh4 Nf6) (6... Qc7 7. Qd2 e6 8. Bd3 Nc6 9. Nxc6 Qxc6 10. O-O Ne7 11. Rfe1 Ng6 12. a4 b4 13. Nd5 h6 {0-1 (38) Caruana,F (2807)-Nepomniachtchi,I (2751) Saint Louis 2017}) 7. a4 {[%emt 0:02:54]} b4 $146 {[%emt 0:02:43]} ({Find the theoretical novelty and annotate with similar games:} 7... bxa4 8. Rxa4 Nf6 9. Bxf6 gxf6 10. Qh5 Nc6 11. Nxc6 Bxc6 12. Bc4 Bxa4 13. Bxf7+ Kd7 {½-½ (32) Ramnath,B (2372)-Deepan Chakkravarthy,J (2518) Mumbai 2009}) 8. Nd5 {[%emt 0:00:17]} Nf6 {[%emt 0:01:56]} ({Black should try} 8... Nd7 $14) 9. Bxf6 {[%emt 0:02:15]} gxf6 {[%emt 0:01:08]} 10. Qf3 {[%emt 0:05:08]} Bxd5 {[%emt 0:06:17]} 11. exd5 {[%emt 0:00:24]} Qb6 {[%emt 0:01:37]} 12. Qe4 {[%emt 0:08:18]} Nd7 {[%emt 0:19:14]} 13. a5 {[%emt 0:08:19]} Qb7 {[%emt 0:00:52]} 14. Nc6 {[%emt 0:18:56]} b3 {[%emt 0:01:39]} 15. c3 {[%emt 0:03:58]} Nc5 {[%emt 0:07:29]} 16. Qb4 {[%emt 0:02:16]} Rg8 {[%emt 0:10:30]} 17. Qxb7 {[%emt 0:04:26]} Nxb7 {[%emt 0:00:01]} 18. Nb4 {[%emt 0:09:28]} Nc5 {[%emt 0:01:26]} 19. g3 {[%emt 0:01:41]} e5 {[%emt 0:05:08]} 20. Ra3 {[%emt 0:03:37]} Bh6 {[%emt 0:04:08]} 21. h3 {[%emt 0:03:46]} Bc1 {[%emt 0:03:47]} 22. Nd3 {[%emt 0:00:37]} Nxd3+ {[%emt 0:01:04]} 23. Bxd3 {[%emt 0:00:07]} Rb8 {[%emt 0:00:44]} 24. Bxa6 {[%emt 0:04:20]} Bxb2 {[%emt 0:00:19]} 25. Ra4 {[%emt 0:00:18]} Bxc3+ {[%emt 0:00:15]} 26. Ke2 {[%emt 0:02:11]} Ra8 {[%emt 0:05:13]} 27. Bb5+ {[%emt 0:02:23]} Kd8 {[%emt 0:00:37]} 28. a6 {[%emt 0:00:32]} b2 {[%emt 0:01:34]} 29. Bc6 {[%emt 0:02:15]} Ra7 {[%emt 0:00:13]} 30. Bb7 {[%emt 0:00:48]} Kd7 {[%emt 0:02:09]} 31. Rh4 {[%emt 0:03:20]} Rh8 {[%emt 0:01:11]} 32. Rh6 {[%emt 0:04:17]} Ke7 {[%emt 0:01:15]} 33. Rh4 {[%emt 0:01:10]} Bd4 $15 {[%emt 0:00:49]} 34. Kf3 {[%emt 0:02:08]} Kf8 {[%emt 0:03:30]} 1/2-1/2

[Event "FRA-ch Youth U20 2018"]
[Site "Agen"]
[Date "2018.04.22"]
[Round "9"]
[White "Barseghyan, Harutyun"]
[Black "Laronche, Thomas"]
[Result "1-0"]
[WhiteElo "2464"]
[BlackElo "2137"]
[Annotator "TA"]
[PlyCount "60"]
[EventDate "2018.??.??"]
[EventType "swiss"]
[EventCountry "FRA"]
[SourceTitle "playchess.com"]
[Source "ChessBase"]
[SourceQuality "1"]

{[%evp 9,60,-3,31,31,50,42,46,52,35,31,80,43,92,59,64,69,73,60,60,60,66,64,62,50,56,52,58,58,58,42,43,51,71,36,68,63,70,66,76,74,61,59,66,63,53,59,58,40,78,82,80,79,83]} 1. d4 Nc6 2. Nf3 d6 3. Bf4 g6 4. e3 Bg7 5. c3 Bg4 (5... Nf6 6. h3 O-O 7. Be2 Qe8 8. O-O e5 9. Bh2 Qe7 10. dxe5 dxe5 11. Nbd2 Rd8 12. Qc2 Ne8 13. a4 a5 14. Rad1 Nd6 {0-1 (71) Goryachkina,A (2493)-Lenderman,A (2626) Doha 2015}) 6. h3 {A41: 1 d4 d6: Tartakower System and Modern Defence} Bxf3 7. Qxf3 e5 8. Bh2 $146 {White is slightly better.} ({Predecessor:} 8. Bg3 Nge7 9. Bb5 O-O 10. O-O f5 11. Bh4 e4 12. Qe2 Rb8 {0-1 (26) Carbonell Vila,J-Cubedo Cano,P (2260) Mislata 2003}) 8... a6 9. dxe5 dxe5 10. Bc4 {[%csl Gc4][%cal Rf3f7] [#]} (10. Nd2 {seems wilder.} Nf6 11. g4 Qe7 12. O-O-O Nd7 13. Kb1) 10... Qf6 11. Qxf6 Nxf6 12. Nd2 Rd8 13. a4 Ke7 14. Ke2 Ne8 15. Rhd1 Nd6 16. Bd5 Nb8 17. Ne4 c6 18. Nxd6 Rxd6 19. Bc4 Rxd1 20. Rxd1 b5 21. Bb3 f6 22. axb5 axb5 23. Ra1 Nd7 24. Ra7 Kd6 25. f4 Rd8 26. fxe5+ fxe5 27. Bc2 Bf6 28. g4 Rf8 29. Bg3 Bd8 30. Ra1 Kc7 {Precision: White = 75%, Black = 61%.} 1-0

[Event "FRA-ch Youth U20 2018"]
[Site "Agen"]
[Date "2018.04.22"]
[Round "9"]
[White "Pigeat, Alexandre"]
[Black "Duquesne, Adrien"]
[Result "1-0"]
[WhiteElo "2275"]
[BlackElo "2209"]
[Annotator "TA"]
[PlyCount "75"]
[EventDate "2018.??.??"]
[EventType "swiss"]
[EventCountry "FRA"]
[SourceTitle "playchess.com"]
[Source "ChessBase"]
[SourceQuality "1"]

{[%evp 15,75,0,-4,-25,-27,-29,-12,-27,-20,-50,33,16,5,-1,124,-147,-114,-187,-128,-110,-119,-212,-233,-273,-296,-292,-273,-258,-254,-801,-441,-666,-627,-649,-634,-785,-793,-640,-627,-606,-399,-357,1325,1313,1313,1315,1315,1279,1256,1129,1342,1306,29977,29978,29994,29995,29995,29996,29997,29998,29998,29999]} 1. d4 Nf6 2. c4 e6 3. Nc3 Bb4 4. e3 O-O 5. Nge2 c6 (5... d5 6. a3 Be7 7. cxd5 exd5 8. g3 Re8 9. Bg2 a5 10. O-O Na6 11. h3 c6 12. g4 Nc7 13. Ng3 Nd7 14. f4 b5 15. e4 dxe4 16. Ncxe4 Ra6 {½-½ (86) Svidler,P (2760)-Karjakin,S (2763) Moscow 2018}) 6. a3 {E46: Nimzo-Indian: Rubinstein: 4 e3 0-0 5 Ne2 without early Bd3} Ba5 7. b4 Bc7 8. e4 d5 {LiveBook: 20 Games} 9. Bg5 dxe4 10. Nxe4 Nbd7 11. N2c3 a5 $146 ({Predecessor:} 11... h6 12. Bh4 b6 13. Bd3 {1-0 (24) Reinwald,P (2247)-Sorvari,J (2051) Jyvaskyla 2015}) 12. Bd3 axb4 (12... h6 $15 13. Bh4 e5) 13. Nxf6+ $1 $14 Nxf6 (13... gxf6 $2 14. Qh5 $18) 14. Ne4 $1 {[%cal Re4f6]} h6 (14... Rxa3 $2 15. Rxa3 Qxd4 16. Nxf6+ Kh8 17. Qh5 $18) (14... Re8 $11) 15. h4 $2 {[%mdl 8192] [#]} (15. Nxf6+ $16 gxf6 16. Bxh6) 15... e5 $36 {[%mdl 2048] Black is on the roll.} (15... hxg5 16. Nxf6+ Qxf6 17. hxg5 $11) (15... Rxa3 16. Rxa3 bxa3 17. Nxf6+ gxf6 18. Bxh6 $15) 16. d5 (16. Nxf6+ $17 {was worth a try.} gxf6 17. Bxh6) 16... cxd5 ({Inferior is} 16... hxg5 17. Nxf6+ Qxf6 18. hxg5 $11) ({Black should try} 16... Rxa3 $19 17. Nxf6+ gxf6 18. Bxh6 Re8 19. Rxa3 bxa3) 17. cxd5 Rxa3 ({Of course not} 17... hxg5 $6 18. Nxf6+ Qxf6 19. hxg5 $11) 18. Rxa3 (18. Rc1 $17) 18... bxa3 $19 19. Bb1 Ba5+ (19... hxg5 20. Nxf6+ gxf6 21. hxg5 $17) 20. Kf1 Qb6 ({Weaker is} 20... hxg5 21. Nxf6+ Qxf6 22. hxg5 $11) 21. Nxf6+ gxf6 22. Qd3 $2 (22. Bxh6 Rd8 23. Qd3) 22... f5 23. Be7 (23. Bc1 $142 Bd7 24. Kg1) 23... Bd7 {[#] ...Bb5 is the strong threat.} 24. Kg1 Rc8 25. Qg3+ Kh7 26. Kh2 Bd2 27. Qf3 e4 28. Bxe4 fxe4 $4 {[%mdl 8192]} (28... Qc7+ $19 29. d6 Qa5 30. Bxb7 Rc2) 29. Qxf7+ $18 Kh8 30. Bf6+ Qxf6 31. Qxf6+ Kg8 32. Qg6+ Kh8 33. Qf7 Bg4 34. Rb1 {White mates.} a2 35. Rxb7 {[%csl Gb7][%cal Rf7h7]} Bf4+ 36. Qxf4 a1=Q 37. Qxh6+ Kg8 38. Qh7+ {Precision: White = 44%, Black = 43%.} 1-0

[Event "FRA-ch Youth U20 2018"]
[Site "Agen"]
[Date "2018.04.22"]
[Round "9"]
[White "Ek, Alexandre"]
[Black "Albaric, Etienne"]
[Result "1/2-1/2"]
[WhiteElo "2222"]
[BlackElo "2202"]
[Annotator "TA"]
[PlyCount "151"]
[EventDate "2018.??.??"]
[EventType "swiss"]
[EventCountry "FRA"]
[SourceTitle "playchess.com"]
[Source "ChessBase"]
[SourceQuality "1"]

{[%evp 17,151,0,0,-13,0,2,12,12,52,-9,-7,-58,-29,-14,-32,-52,-39,-99,-40,-35,-33,-36,0,0,0,0,0,0,0,-14,0,0,0,0,0,0,0,0,0,0,0,0,0,-7,-8,-38,-16,-25,-24,-18,-24,-30,9,0,0,0,0,-8,-8,-8,-8,-12,-8,-8,-8,-8,-8,-1206,-1149,-29971,-29971,-29973,-29974,-29974,-29967,-29969,-29969,-29971,-29971,-29972,-29973,-29974,-29975,-29975,-29976,-29976,-29977,-29978,-29979,-29979,-29977,-29977,0,-29978,-29979,-29980,-29981,-29981,-29982,-29982,-29983,-29983,-170,-170,-170,-170,-170,-170,-170,-170,-170,-170,0,-170,0,-170,0,-170,-170,-170,-170,-170,-170,-170,-170,-170,0,0,0,0,0,0,0,0,0,0]} 1. e4 c5 2. Nf3 Nc6 3. c3 d5 4. exd5 Qxd5 5. d4 Bf5 6. Be3 Nf6 {[%cal Bg8f6,Bf6g4,Bg4f2][%mdl 32] B22: Sicilian: 2 c3} 7. Na3 {[%cal Bb1a3,Ba3b5,Bb5d4][%mdl 32]} cxd4 8. Nb5 O-O-O 9. Nfxd4 Ng4 $1 {LiveBook: 12 Games} 10. Bd2 $146 ({Predecessor:} 10. Qe2 Nxe3 11. Qxe3 Nxd4 12. Nxd4 e6 13. Be2 Bc5 14. O-O {1-0 (65) Plat,V (2551)-Jojua,D (2591) Heraklio 2017}) 10... e6 {And now ...Bc5 would win.} 11. Nxc6 bxc6 12. Nd4 $1 Bc5 13. h3 {[#]} ({Better is} 13. Ba6+ $1 $14 Kd7 14. f3) 13... Nxf2 $1 $11 {[%mdl 512]} 14. Ba6+ (14. Kxf2 $11 Bxd4+ 15. cxd4 Qxd4+ 16. Be3 Qxb2+ 17. Qe2 Qxa1 18. Qa6+ Kd7 19. Qb7+ Ke8 20. Bc5) 14... Kd7 (14... Kb8 $5 {[%cal Rf2d1]} 15. Kxf2 e5 16. Qb3+ Qxb3 17. axb3 exd4 18. Bf4+ Bd6 19. Bxd6+ Rxd6 $15) 15. Kxf2 {Threatens to win with Be3.} e5 $1 16. Be3 exd4 17. Bxd4 (17. cxd4 $15 Bb6 18. Qf3) 17... Bxd4+ ({Black should play} 17... Kc7 $17 18. Re1 Be6) 18. Qxd4 $15 Qxd4+ 19. cxd4 Rb8 20. b3 Rhe8 21. Rhe1 Kd6 22. Bc4 f6 23. Bf7 (23. g4 {is interesting.} Be4 24. Rac1 f5 25. Re3 f4 26. Re2) 23... Re7 (23... Rxe1 {keeps more tension.} 24. Rxe1 a5 25. h4 h6 26. g3 Ra8) 24. Rxe7 Kxe7 $11 {[%mdl 4096] Endgame KRB-KRB} 25. Bh5 Kd6 26. Bf3 Rb5 27. Rc1 c5 28. Ke3 Ra5 29. dxc5+ Rxc5 30. Rd1+ Ke5 31. Rd2 Rc3+ 32. Kf2 Rc2 33. Rxc2 Bxc2 {KB-KB} 34. Ke3 a5 35. g3 g5 36. Kd2 Bf5 37. Bg2 Kd4 38. Bf1 Be6 39. h4 gxh4 40. gxh4 f5 {[%cal Bf6f5,Bf5f4,Bf4f3][%mdl 32]} 41. Bd3 h6 42. Bc2 $2 {[%mdl 8192]} (42. a3 $11) 42... f4 $19 43. a3 f3 44. b4 Bc4 45. Bd1 axb4 46. Bxf3 bxa3 47. Kc2 Ke3 48. Bh5 Kf4 49. Be8 Kg4 50. h5 Kg5 51. Kc3 Be2 52. Kb3 Bxh5 53. Bc6 Be2 54. Be8 Bh5 55. Bc6 $1 Bd1+ 56. Kxa3 h5 57. Kb2 {[#]} Kf4 $1 58. Kc1 Bf3 59. Bd7 Ke3 $2 (59... Bg4 {mates} 60. Bb5 h4 61. Bf1 Ke3 62. Kb2 Kf2 63. Bb5 h3 64. Bd3 h2 65. Be4 Bf3 66. Bc2 h1=Q 67. Bd3 Qh8+ 68. Kb1 Ke3 69. Bc4 Kd2 70. Bb3 Qc3 71. Bf7 Be4+ 72. Ka2 Kc1 73. Bh5 Bd5#) 60. Be8 {intending Bxh5!} h4 61. Bd7 Ke2 62. Bc8 Be4 63. Bd7 Ke1 64. Bc8 Ke2 65. Bd7 $1 Bf3 66. Bc8 $1 Ke3 67. Bd7 $1 Be2 68. Bc8 Bh5 69. Bd7 Bf3 70. Bc8 Kf4 {...Bg4 is the strong threat.} 71. Kd2 {[#]} Bg4 $2 ({Black should try} 71... Kg3 $1 $19 {aiming for ...Kf2.} 72. Ke3 Ba8) 72. Bxg4 $11 {The position is equal.} Kxg4 73. Ke2 {[%cal Bd2e2,Be2f1,Bf1g1,Bg1h1][%mdl 32]} Kg3 74. Kf1 h3 {[%cal Bh4h3,Bh3h2][%mdl 32] ( -> ...h2)} 75. Kg1 h2+ 76. Kh1 {Precision: White = 56%, Black = 61%.} 1/2-1/2

[Event "FRA-ch Youth U20 2018"]
[Site "Agen"]
[Date "2018.04.22"]
[Round "9"]
[White "Grezels, Florian"]
[Black "Philippe, Guillaume"]
[Result "1/2-1/2"]
[WhiteElo "2181"]
[BlackElo "2372"]
[Annotator "TA"]
[PlyCount "91"]
[EventDate "2018.??.??"]
[EventType "swiss"]
[EventCountry "FRA"]
[SourceTitle "playchess.com"]
[Source "ChessBase"]
[SourceQuality "1"]

{[%evp 10,91,57,30,25,18,19,-11,21,22,27,-1,17,2,17,12,17,-9,40,-4,-13,-17,-25,-30,41,23,43,-132,-127,-204,-206,-209,-212,-215,-219,-230,-221,-219,-192,-187,-81,-82,-93,-77,0,0,0,0,0,0,31,0,5,0,0,-79,-94,-97,0,-25,0,-93,-5,-93,-100,-285,-260,-213,-29,-67,-57,-63,-8,-8,181,8,8,8,8,8,8,8,8,-11]} 1. e4 g6 2. d4 Bg7 3. Nc3 a6 4. h4 (4. f4 b5 5. Nf3 d6 6. Bd3 Nd7 7. e5 c5 8. Be4 Rb8 9. Be3 b4 10. Ne2 Nh6 11. dxc5 Nxc5 12. Bxc5 dxc5 13. Bc6+ Bd7 14. Qd5 Rc8 15. Bxd7+ Qxd7 16. Qxd7+ Kxd7 {1-0 (41) Yu,Y (2760)-Adhiban,B (2655) chess.com INT 2018}) 4... h5 5. Nf3 d6 6. Ng5 {LiveBook: 8 Games. B06: Modern Defence} Nf6 7. Bf4 Nc6 8. e5 dxe5 9. dxe5 Qxd1+ 10. Rxd1 Ng4 11. Nd5 O-O 12. Nxc7 Ra7 $146 13. Nd5 (13. e6 $5 {[%cal Re6f7]} f6 14. Ne4 $14) 13... Ngxe5 14. Be2 b5 15. O-O Nc4 16. b3 Na3 (16... Nb2 $11 17. Rd2 Rd8) 17. Bd3 Rd8 18. Nb6 $2 (18. Be4 $1 $14 {stays ahead.} Bg4 19. f3) 18... Bg4 $17 19. f3 (19. Nf3 $17) 19... Bd4+ $19 20. Kh2 Bf5 $1 21. Bxf5 gxf5 22. Nd5 Rxd5 23. c3 Rad7 24. cxd4 Rxd4 (24... Nc2 $19 {and Black stays clearly on top.} 25. Rc1 N6xd4) 25. Rc1 $17 Nb4 26. Be3 Rd3 (26... Nxa2 $17 27. Bxd4 Nxc1) 27. Rc8+ $11 Kg7 28. Bc1 Nbc2 29. Bb2+ f6 30. Ne6+ (30. Bxa3 $5 Nxa3 31. Ne6+ Kf7 32. Re1 $11) 30... Kf7 $132 {[%mdl 2048] Black is not keeping still} 31. Nc5 {Hoping for Rc1.} Rd8 32. Rxd8 (32. Rc1 $11 Rxc8 33. Nxd3) 32... Rxd8 $17 33. Nxa6 {[#]} Rd2 (33... Ne3 $1 $17 {[%cal Re3f1]} 34. Rf2 Nac2) 34. Bc1 Re2 35. Kh3 (35. Bxa3 $11 Nxa3 36. Nb4) 35... e5 ({Better is} 35... Nb1 $17 36. Bb2 Nd2) 36. Nc5 (36. f4 $11 {remains equal.}) 36... b4 37. g4 $2 (37. Rd1 $17) 37... hxg4+ $19 38. fxg4 f4 $2 (38... Ne3 $19 39. Bxe3 Rxe3+ 40. Kg2 Nc2) 39. g5 fxg5 40. hxg5 Kg6 (40... Nb5 $15 41. Nd3 Nc3 42. Nxe5+ Rxe5 43. Rxf4+ Kg6) 41. Nd3 $11 {Strongly threatening Bxf4!} Nb5 $2 {[#]} (41... Kxg5 $11 {and Black has nothing to worry.} 42. Nxe5 Rxe5 43. Bxf4+ Kf6 44. Bxe5+ Kxe5) 42. Rxf4 $2 (42. Bxf4 $1 $18 {[%mdl 512]} Nc3 (42... exf4 43. Nxf4+) 43. Nxe5+ Kg7 44. Kg4) 42... exf4 {The position is equal.} 43. Nxf4+ Kxg5 44. Nxe2+ Kf5 45. Bd2 Ke4 46. Bxb4 {Precision: White = 22%, Black = 38%.} 1/2-1/2